[Event "GP FFE 2nd stage KO"]
[Site "Nancy FRA"]
[Date "2012.04.29"]
[Round "3.1"]
[White "Fressinet,L"]
[Black "Vachier Lagrave,M"]
[Result "1-0"]
[WhiteElo "2693"]
[BlackElo "2682"]

1.Nf3 Nf6 2.c4 g6 3.g3 Bg7 4.Bg2 O-O 5.O-O c6 6.d4 d5 7.b3 Bf5 8.Bb2 Nbd7
9.Nbd2 Ne4 10.Nh4 Nxd2 11.Qxd2 Be6 12.cxd5 cxd5 13.Rac1 Qb6 14.Nf3 Rfc8 15.Ba3 Bf6
16.e3 Qa6 17.Bb4 Qb6 18.Ba5 Qd6 19.Rfe1 Bf5 20.Bb4 Qe6 21.Rxc8+ Rxc8 22.Rc1 Nb8
23.Rxc8+ Qxc8 24.Ne5 e6 25.Bd6 Nd7 26.h3 g5 27.Qa5 a6 28.Qa4 Nxe5 29.dxe5 Bg7
30.e4 dxe4 31.Bxe4 Bxe4 32.Qxe4 h6 33.Kg2  1-0

[Event "GP FFE 2nd stage KO"]
[Site "Nancy FRA"]
[Date "2012.04.29"]
[Round "3.1"]
[White "Fressinet,L"]
[Black "Vachier Lagrave,M"]
[Result "1-0"]
[WhiteElo "2693"]
[BlackElo "2682"]

1.Nf3 Nf6 2.c4 g6 3.g3 Bg7 4.Bg2 O-O 5.O-O c6 6.d4 d5 7.b3 Bf5 8.Bb2 Nbd7
9.Nbd2 Ne4 10.Nh4 Nxd2 11.Qxd2 Be6 12.cxd5 cxd5 13.Rac1 Qb6 14.Nf3 Rfc8 15.Ba3 Bf6
16.e3 Qa6 17.Bb4 Qb6 18.Ba5 Qd6 19.Rfe1 Bf5 20.Bb4 Qe6 21.Rxc8+ Rxc8 22.Rc1 Nb8
23.Rxc8+ Qxc8 24.Ne5 e6 25.Bd6 Nd7 26.h3 g5 27.Qa5 a6 28.Qa4 Nxe5 29.dxe5 Bg7
30.e4 dxe4 31.Bxe4 Bxe4 32.Qxe4 h6 33.Kg2 Qd7 34.a4 Bf8 35.Kf1 f5 36.Qb4 Bg7
37.Qc5 Kf7 38.Ke2 h5 39.f3 Bh6 40.g4 hxg4 41.hxg4 fxg4 42.fxg4 Ke8 43.Qc2 Bg7
44.Qg6+ Qf7 45.Qxg5 Kd7 46.Qc1 Kd8 47.Qc5 Bh6 48.Qa7 Qd7 49.Qb8+ Qc8 50.Be7+ Kd7
51.Qxc8+  1-0

[Event "ch-LAT 2012"]
[Site "Riga LAT"]
[Date "2012.04.29"]
[Round "1"]
[White "Putka,V"]
[Black "Marutkins,O"]
[Result "1-0"]
[WhiteElo "2293"]
[BlackElo "1970"]

1.c4 Nf6 2.Nf3 g6 3.g3 Bg7 4.Bg2 O-O 5.O-O d6 6.d4 Nbd7 7.Nc3 Nb6 8.b3 c6
9.Bb2 Bf5 10.Re1 d5 11.Ne5 dxc4 12.Nxc4 Nxc4 13.bxc4 Qb6 14.Na4 Qc7 15.e4 Bg4
16.f3 Bc8 17.Rc1 b6 18.e5 Ne8 19.f4 Bb7 20.c5 b5 21.Nc3 e6 22.Qb3 Qd7 23.Nxb5 Ba6
24.Nd6 Nc7 25.Bc3 Rab8 26.Qa4 Bb5 27.Qc2 Rfd8 28.Ba5 Bf8 29.Rb1 Be7 30.a4 Ba6
31.Qe4  1-0

[Event "Norsk Sjakkfestival"]
[Site "Fagernes NOR"]
[Date "2012.05.02"]
[Round "6"]
[White "Tari,A"]
[Black "Kasparov,S"]
[Result "1/2-1/2"]
[WhiteElo "2202"]
[BlackElo "2503"]

1.Nf3 Nf6 2.c4 g6 3.g3 Bg7 4.Bg2 O-O 5.O-O d6 6.d4 Nbd7 7.Nc3 e5 8.dxe5 dxe5
9.Be3 Re8 10.Qc1 c6 11.Bh6 Qe7 12.Bxg7 Kxg7 13.Qe3 a5 14.b3 Qc5 15.Qxc5 Nxc5
16.Rfd1 Bg4 17.h3 Bxf3 18.Bxf3 Kf8 19.Kf1 Ke7 20.Ke1 Rad8 21.Rxd8 Kxd8 22.Kd2 Kc7
23.Rd1 Rd8+ 24.Kc2 Rxd1 25.Kxd1 Kd6 26.Kd2 Nfd7 27.Ne4+ Nxe4+ 28.Bxe4 Kc5
29.Kc3 b5 30.cxb5 cxb5 31.a3 b4+ 32.axb4+ axb4+ 33.Kd2 Kd4 34.Bc6 Nf6 35.e3+ Kc5
36.Bg2 e4 37.Bf1 Ne8 38.Be2 Nd6 39.Ke1 Kd5 40.Kf1 g5 41.g4 f5 42.gxf5 Ke5
43.Kg2 Nxf5 44.Bg4 Ng7 45.Be2 Ne8 46.h4 Kf5 47.hxg5 Kxg5 48.Kg3 Nf6 49.Kh3 h5
50.Kg3 Nd5 51.Bc4 Nc3 52.Be6 Kf6 53.Bc4 Kg5 54.Be6 Nd1 55.Bc8 h4+ 56.Kg2 Nc3
57.Be6 Kf6 58.Bg4 Nb1 59.Bd1 Kg5 60.Kh3 Nc3 61.Bg4 Nb1 62.Bd1 Nc3 63.Bg4  1/2-1/2

[Event "Copenhagen Chess Challenge 2012"]
[Site "Ballerup DEN"]
[Date "2012.05.03"]
[Round "2"]
[White "Maack,K"]
[Black "Westerinen,H"]
[Result "0-1"]
[WhiteElo "2133"]
[BlackElo "2335"]

1.Nf3 Nf6 2.c4 g6 3.g3 Bg7 4.Bg2 O-O 5.O-O d6 6.d4 Nc6 7.Nc3 a6 8.d5 Na5
9.Nd2 c5 10.Qc2 e5 11.a3 b6 12.e4 Ng4 13.b4 Nb7 14.Nb3 f5 15.f3 Nf6 16.bxc5 Nxc5
17.Nxc5 bxc5 18.Rb1 Bd7 19.Bd2 Qc7 20.Rb2 Rfb8 21.Rfb1 fxe4 22.fxe4 Ne8 23.Rb3 Bf6
24.Qb2 Rxb3 25.Qxb3 Bd8 26.Qb7 Qxb7 27.Rxb7 Bc8 28.Rb1 Ba5 29.Kf2 Nf6 30.Bf3 Bg4
31.Kg2 Bxc3 32.Bxc3 Rf8 33.Bxg4 Nxg4 34.Rb6 Ne3+ 35.Kh3 Nxc4 36.Rxa6 Rf3
37.Be1 Rxa3 38.Rc6 Re3 39.Bf2 Rxe4 40.Kg2 Re2 41.Kf3 Rd2 42.g4 e4+  0-1

[Event "TCh-HUN 2011-12"]
[Site "Mako HUN"]
[Date "2012.05.06"]
[Round "10"]
[White "Szalai,K"]
[Black "Toth,E"]
[Result "0-1"]
[WhiteElo "2390"]
[BlackElo "2472"]

1.c4 Nf6 2.Nf3 g6 3.g3 Bg7 4.Bg2 O-O 5.O-O d6 6.Nc3 Nbd7 7.Rb1 e5 8.d3 a5
9.a3 c6 10.Nd2 Nc5 11.b4 axb4 12.axb4 Ne6 13.b5 d5 14.bxc6 bxc6 15.Re1 Re8
16.Qb3 Nd4 17.Qb6 Qd7 18.e3 Ra6 19.Qb2 Ne6 20.cxd5 cxd5 21.Qb5 Qxb5 22.Rxb5 Bd7
23.Rb1 Bc6 24.d4 exd4 25.exd4 Ng4 26.Nf3 Rd8 27.Be3 h6 28.Ra1 Rda8 29.Rxa6 Rxa6
30.h3 Nxe3 31.fxe3 Ra3 32.Rc1 Bb7 33.Kf2 h5 34.Ne5 Bxe5 35.dxe5 Nc5 36.Ke2 Ba6+
37.Kd1 Nd3 38.Rc2 Ra1+ 39.Kd2 Ne1 40.Bxd5 Nxc2 41.Kxc2 Bc8 42.h4 Rf1 43.Kd2 Bg4
44.Ne4 Kf8 45.Bc4 Rg1 46.Ng5 Rg2+ 47.Ke1 Be6 48.Bxe6 fxe6 49.Nxe6+ Kg8 50.Nf4 Rxg3
51.Kf2 Rg4 52.Kf3 Kg7 53.Ke4 Rxh4 54.Kd5 Rh1 55.Kd6 Rd1+ 56.Ke7 Re1 57.Nd5 h4
58.Kd6 h3 59.e6 Rc1 60.Nc7 Rd1+ 61.Ke5 Kf8 62.Kf6 Rf1+ 63.Kxg6 h2  0-1

[Event "47th Capablanca Memorial Premier"]
[Site "Havana CUB"]
[Date "2012.05.07"]
[Round "4.4"]
[White "Rakhmanov,Ale"]
[Black "Morovic Fernandez,I"]
[Result "1/2-1/2"]
[WhiteElo "2603"]
[BlackElo "2577"]

1.c4 Nf6 2.Nf3 g6 3.g3 Bg7 4.Bg2 O-O 5.O-O d6 6.Nc3 Nc6 7.Rb1 a5 8.a3 e5
9.d3 h6 10.b4 axb4 11.axb4 Be6 12.b5 Ne7 13.Bb2 Qd7 14.d4 exd4 15.Nxd4 Bh3
16.Bxb7 Bxf1 17.Qxf1 Rab8 18.Bg2 Nh7 19.e3 Ng5 20.Nc6 Nxc6 21.Bxc6 Qd8 22.Kg2 Qc8
23.h4 Qh3+ 24.Kg1 Qxf1+ 25.Kxf1 Ne6 26.Nd5 Nd8 27.Ne7+ Kh7 28.Bxg7 Kxg7 29.Bf3 Re8
30.Nc6 Nxc6 31.Bxc6 Re5 32.Rd1 g5 33.hxg5 hxg5 34.Ke2 Kg6 35.Kd3 g4 36.Ra1 f5
37.Ra7 Re7 38.Ke2 Kf6 39.Kf1 Kg5 40.Ke2 Kf6  1/2-1/2

[Event "Asian Continental 2012"]
[Site "Ho Chi Minh City VIE"]
[Date "2012.05.08"]
[Round "4.10"]
[White "Xiu Deshun"]
[Black "Ju Wenjun"]
[Result "1/2-1/2"]
[WhiteElo "2494"]
[BlackElo "2529"]

1.Nf3 Nf6 2.c4 g6 3.g3 Bg7 4.Bg2 O-O 5.O-O d6 6.Nc3 Nc6 7.d4 Rb8 8.Bf4 a6
9.Rc1 Bd7 10.Qd2 b5 11.Nd5 Ne4 12.Qc2 f5 13.cxb5 Rxb5 14.Nc3 Nxc3 15.Qxc3 e6
16.Rfd1 Rb6 17.Qa3 Qb8 18.b3 Nb4 19.Bd2 Rc8 20.Rc4 Nd5 21.Ba5 Rb5 22.Rdc1 c5
23.dxc5 dxc5 24.Bd2 Nb6 25.R4c2 Nd5 26.Rxc5 Rcxc5 27.Rxc5 Bf8 28.Rxb5 Qxb5
29.Qc1 Qxe2 30.Qf1 Qxf1+ 31.Bxf1 Bc8 32.Bc4 Bd6 33.Ba5 h6 34.Kf1 Kf7 35.Ke2 Bb7
36.Nd4 Ke7 37.Nc2 e5 38.a4 g5 39.Ne3  1/2-1/2

[Event "Open Hradec Kralove 2012"]
[Site "Hradec Kralove CZE"]
[Date "2012.05.12"]
[Round "1"]
[White "Larsen,Fl"]
[Black "Lasek,Frantisek"]
[Result "1/2-1/2"]
[WhiteElo "2229"]
[BlackElo "1789"]

1.Nf3 g6 2.g3 Bg7 3.c4 Nf6 4.Bg2 O-O 5.Nc3 c6 6.d4 d5 7.Qb3 dxc4 8.Qxc4 Be6
9.Qd3 Nbd7 10.e4 c5 11.d5 Bg4 12.O-O a6 13.Nd2 b5 14.h3 b4 15.Na4 Qa5 16.hxg4 Qxa4
17.Qe2 Qb5 18.Re1 Qxe2 19.Rxe2 Nxg4 20.Nc4 Bd4  1/2-1/2

[Event "30th Liechtenstein Open 2012"]
[Site "Triesen LIE"]
[Date "2012.05.12"]
[Round "2.17"]
[White "Mertens,K"]
[Black "Borsos,B"]
[Result "1/2-1/2"]
[WhiteElo "2064"]
[BlackElo "2271"]

1.Nf3 g6 2.g3 Bg7 3.Bg2 Nf6 4.c4 O-O 5.O-O c6 6.d4 d5 7.b3 Ne4 8.Bb2 a5 9.Nc3 Nxc3
10.Bxc3 Nd7 11.cxd5 cxd5 12.Rc1 Nf6 13.Bd2 Ne4 14.Bf4 a4 15.Bc7 Qe8 16.Ne5 axb3
17.axb3 Bf5 18.f3 Nd6 19.g4 Bc8 20.e3 Nb5 21.Bb6 Nd6 22.Rf2 Be6 23.Bf1 Kh8
24.Qe1 Rc8 25.Rfc2 Rxc2 26.Rxc2 Qa8 27.Kf2 Qa3 28.Qb1 Ra8 29.Bc5 Qa5 30.Nd3 Qc7
31.Bb4 Qd8 32.h3  1/2-1/2

[Event "Serbia Cup Final 2012"]
[Site "Kragujevac SRB"]
[Date "2012.05.15"]
[Round "2"]
[White "Gavrilovic,L"]
[Black "Chelushkina,I"]
[Result "1-0"]
[WhiteElo "2254"]
[BlackElo "2241"]

1.Nf3 Nf6 2.c4 g6 3.g3 Bg7 4.Bg2 O-O 5.O-O d5 6.cxd5 Nxd5 7.d4 c6 8.e4 Nb6
9.h3 Na6 10.a4 Be6 11.a5 Nc4 12.Qa4 Nd6 13.Nc3 Qc8 14.e5 Ne8 15.Kh2 Nec7
16.Ng5 Bd7 17.Qa3 Qd8 18.Be3 h6 19.Nge4 Be6 20.f4 Bc4 21.Rf2 b5 22.b4 Nd5
23.Nxd5 cxd5 24.Nd2 e6 25.g4 Re8 26.f5 exf5 27.gxf5 gxf5 28.Rg1 Re6 29.Rxf5 Rb8
30.Nf3 Qe7 31.Bd2 Rg6 32.Be1 Qe6 33.Nh4 Rg5 34.Qf3 Nc7 35.Rxg5 hxg5 36.Nf5 Ne8
37.Bh1 f6 38.Nxg7 Nxg7 39.Qxf6 Rf8 40.Qxg5  1-0

[Event "21st CRO-Cup"]
[Site "Sibenik CRO"]
[Date "2012.05.17"]
[Round "3.24"]
[White "Saric,A"]
[Black "Zivkovic,Vj"]
[Result "1/2-1/2"]
[WhiteElo "2513"]
[BlackElo "2386"]

1.Nf3 Nf6 2.g3 g6 3.Bg2 Bg7 4.c4 O-O 5.O-O c6 6.d4 a6 7.b3 d5 8.Bb2 Ne4 9.Nc3 Bf5
10.e3 Nxc3 11.Bxc3 Be4 12.Qe2 Nd7 13.Rfd1 e6 14.Bf1 Bxf3 15.Qxf3 f5 16.a4 Nf6
17.b4 Ne4 18.Be1 g5 19.Qe2 g4 20.Rab1 Rc8 21.b5 axb5 22.axb5 Rf7 23.bxc6 bxc6
24.h4 Bf8 25.Rdc1 Bd6 26.Qc2 Ra8 27.Rb3 Rfa7 28.Rcb1 Rb8 29.Rxb8 Bxb8 30.Bd3 Bd6
31.cxd5 cxd5 32.Bxe4 fxe4 33.Qc6 Qd7 34.Qb6 Kf7 35.Kg2 h5 36.Bb4 Rb7 37.Bxd6 Rxb6
38.Rxb6 Qc8 39.Be5 Ke7 40.Rb8 Qa6 41.Rh8 Qe2 42.Rxh5 Qf3+ 43.Kg1 Qd1+ 44.Kg2  1/2-1/2

[Event "Serbia Cup Final 2012"]
[Site "Kragujevac SRB"]
[Date "2012.05.19"]
[Round "6"]
[White "Brkljaca,A"]
[Black "Simic,Dragi"]
[Result "1-0"]
[WhiteElo "2325"]
[BlackElo "2315"]

1.Nf3 Nf6 2.g3 g6 3.Bg2 Bg7 4.c4 O-O 5.O-O c5 6.Nc3 Nc6 7.d4 cxd4 8.Nxd4 Ng4
9.e3 d6 10.b3 Nxd4 11.exd4 Nh6 12.Bb2 e6 13.Qd2 Nf5 14.d5 e5 15.Rae1 a6 16.f4 exf4
17.Rxf4 b5 18.Ne4 bxc4 19.Bxg7 Kxg7 20.g4 cxb3 21.gxf5 Bxf5 22.Ng3  1-0

[Event "TCh-HUN 2011-12"]
[Site "Nagykanizsa HUN"]
[Date "2012.05.20"]
[Round "11"]
[White "Kovacs,Adr"]
[Black "Galyas,M"]
[Result "1/2-1/2"]
[WhiteElo "2233"]
[BlackElo "2458"]

1.Nf3 Nf6 2.c4 g6 3.g3 Bg7 4.Bg2 O-O 5.Nc3 d6 6.Rb1 e5 7.b4 Re8 8.O-O h6
9.d3 e4 10.dxe4 Nxe4 11.Nxe4 Rxe4 12.c5 Nc6 13.cxd6 Bf5 14.Nd2 Re8 15.e4 Be6
16.dxc7 Qxc7 17.Qc2 Rac8 18.Bb2 Nd4 19.Qxc7 Rxc7 20.Nb3 Bxb3 21.axb3 Rc2
22.Ba1 b5 23.Rfe1 Nc6 24.Bxg7 Kxg7 25.Ra1 Re7 26.Bf1 Rb2 27.Re3 Nxb4 28.Rd1 a6
29.Bh3 Rc2 30.Rd7 Rxd7 31.Bxd7 Rc1+ 32.Kg2 Nc2 33.Re2 Nd4 34.Ra2 Nxb3 35.Rxa6 Nc5
36.Ra7 b4 37.Bc6 b3 38.Bd5 g5 39.Rxf7+ Kg6 40.e5 Rd1 41.Bc4 b2  1/2-1/2

[Event "50th ch-IND Challengers 2012"]
[Site "Tirupati IND"]
[Date "2012.05.20"]
[Round "4.14"]
[White "Sanjay,N"]
[Black "Singh,SV"]
[Result "1/2-1/2"]
[WhiteElo "2343"]
[BlackElo "2225"]

1.Nf3 Nf6 2.c4 g6 3.g3 Bg7 4.Bg2 O-O 5.O-O d6 6.Nc3 c5 7.d4 Nc6 8.dxc5 dxc5
9.Bf4 Be6 10.Ne5 Na5 11.Nd3 Rc8 12.b3 Nh5 13.Be5 Bxe5 14.Nxe5 Qc7 15.f4 Nf6
16.e4 Rfd8 17.Qe1 b6 18.Nd5 Bxd5 19.exd5 b5 20.Qc3 bxc4 21.bxc4 Ne8 22.Bh3 Nd6
23.Bxc8 Rxc8 24.Rae1 f6 25.Nc6 Nxc6 26.dxc6 Nf5 27.Qf3 Rd8 28.Qe4 Kf8 29.Rb1 Rd4
30.Qf3 Nd6 31.Rfd1 Rxc4 32.Qb3 Rb4 33.Qd5 Rb6 34.Rxb6 Qxb6 35.Kg2 f5 36.Kh3 c4
37.Re1 Ne4 38.Rxe4 fxe4 39.Qd7 Qc5 40.c7 Qh5+ 41.Kg2 Qe2+ 42.Kh3 Qh5+  1/2-1/2

[Event "50th ch-IND Challengers 2012"]
[Site "Tirupati IND"]
[Date "2012.05.21"]
[Round "6.17"]
[White "Sanjay,N"]
[Black "Patil,Pr2"]
[Result "1-0"]
[WhiteElo "2343"]
[BlackElo "2205"]

1.Nf3 Nf6 2.c4 g6 3.g3 Bg7 4.Bg2 O-O 5.O-O d5 6.cxd5 Nxd5 7.Nc3 Nb6 8.d4 Nc6
9.e3 a5 10.d5 Nb4 11.e4 e5 12.a3 Na6 13.Bg5 f6 14.Be3 Nc4 15.Qe2 Nxe3 16.Qxe3 Bd7
17.Rfd1 Qe7 18.Nd2 b5 19.Bf1 Rfb8 20.a4 Nb4 21.Nxb5 Bxb5 22.Bxb5 Nc2 23.d6 Nxe3
24.dxe7 Nxd1 25.Rxd1 Rxb5 26.axb5 Kf7 27.Nb3 Kxe7 28.Nc5 Bf8 29.Rd7+ Ke8
30.Rxc7 Bxc5 31.Rxc5 Kd7 32.Kf1 a4 33.Ke2 a3 34.bxa3 Rxa3 35.Rc6 f5 36.exf5 gxf5
37.Rh6 Rb3 38.Rxh7+ Kd6 39.b6 Kd5 40.b7 Rb2+ 41.Kd3 e4+ 42.Kc3 Rb6 43.h4 Ke5
44.Re7+ Kf6 45.Rc7 Kg6 46.Kd4 Kh5 47.Ke3 Kg4 48.Rg7+ Kh3 49.h5 Kg2 50.h6 Rb3+
51.Kf4  1-0

[Event "29th BSG Pinkster Open"]
[Site "Bussum NED"]
[Date "2012.05.27"]
[Round "5.11"]
[White "Vermeulen,Ba"]
[Black "Steenberg,Anno"]
[Result "1/2-1/2"]
[WhiteElo "1875"]
[BlackElo "2055"]

1.Nf3 Nf6 2.c4 g6 3.g3 Bg7 4.Bg2 O-O 5.O-O d6 6.d4 c6 7.Nc3 Qa5 8.e4 Qh5
9.e5 dxe5 10.Nxe5 Ng4 11.Nf3 Nh6 12.Re1 Re8 13.Qb3 Nd7 14.Ne4 Nf6 15.Bg5 Bg4
16.Bxf6 Bxf6 17.Nxf6+ exf6 18.Rxe8+ Rxe8 19.Re1 Rxe1+ 20.Nxe1 Qa5 21.Kf1 Qd2
22.Qe3 Qxb2 23.h3 Bd1 24.d5 cxd5 25.Bxd5 b6 26.Nd3 Qc3 27.Kg2 Kg7 28.g4 Bc2
29.Nf4 Qxe3 30.fxe3 f5 31.g5 Ng8 32.Kf3 Bd1+ 33.Kf2 Ne7 34.Bb7 Ba4 35.Ke2 Bc6
36.Bxc6 Nxc6 37.Kd3 Nb4+ 38.Kc3 Nxa2+ 39.Kb3 Nc1+ 40.Kc2 Na2 41.Kb3 Nc1+
42.Kc2 Na2  1/2-1/2

[Event "1st Euro 2012 Open"]
[Site "Lviv UKR"]
[Date "2012.05.30"]
[Round "3"]
[White "Nester,I"]
[Black "Terletsky,O"]
[Result "0-1"]
[WhiteElo "2315"]
[BlackElo "2169"]

1.Nf3 Nf6 2.c4 g6 3.g3 Bg7 4.Bg2 O-O 5.d4 d6 6.O-O Nbd7 7.Nc3 e5 8.e4 c6
9.h3 Qb6 10.Rb1 exd4 11.Nxd4 Nxe4 12.Nxe4 Bxd4 13.Nxd6 c5 14.Bf4 Ne5 15.Nxc8 Raxc8
16.Qc2 Rcd8 17.Bd5 Rfe8 18.a3 Qf6 19.b4 b5 20.Bxe5 Rxe5 21.bxc5 bxc4 22.Bxc4 Rxc5
23.Qe2 Rdc8 24.Bd3 Rc3 25.a4 h5 26.Kh2 h4 27.Rbd1 Rb8 28.a5 Kg7 29.Kg2 Rbb3
30.Qe4 Rb2 31.Be2 Be5 32.gxh4 Rcc2 33.Bf3 Bd6 34.Rc1 Rd2 35.Rcd1 Bc5  0-1

[Event "XXVII Felix Cup 2012"]
[Site "Baile Felix ROU"]
[Date "2012.06.03"]
[Round "5.10"]
[White "Milea,F"]
[Black "Pribeanu,M"]
[Result "0-1"]
[WhiteElo "1863"]
[BlackElo "2142"]

1.Nf3 Nf6 2.g3 g6 3.Bg2 Bg7 4.c4 O-O 5.d4 d6 6.O-O Nbd7 7.Nc3 c6 8.e4 e5
9.h3 Re8 10.Re1 a6 11.a4 a5 12.b3 exd4 13.Nxd4 Qb6 14.Be3 Nc5 15.f3 Nh5 16.g4 Nf4
17.Bxf4 Ne6 18.Rb1 f5 19.Ne2 fxg4 20.hxg4  0-1

[Event "11th TCh-BIH Premier"]
[Site "Jahorina BIH"]
[Date "2012.06.04"]
[Round "3.4"]
[White "Tomic,Bos"]
[Black "Stojanovic,Da"]
[Result "0-1"]
[WhiteElo "2418"]
[BlackElo "2485"]

1.c4 Nf6 2.g3 g6 3.Bg2 Bg7 4.Nf3 O-O 5.O-O d6 6.Nc3 Nc6 7.d4 Bf5 8.Ne1 Qc8
9.e4 Bh3 10.Nc2 Bxg2 11.Kxg2 e5 12.d5 Ne7 13.f3 Nd7 14.Be3 f5 15.Qd3 Kh8
16.b4 a5 17.a3 f4 18.Bf2 h5 19.c5 axb4 20.cxd6 cxd6 21.Nb5 Rf6 22.Nxb4 fxg3
23.hxg3 b6 24.Be3 Nc5 25.Qc4 Qd7 26.Bg5 Rf7 27.Nd3 Ng8 28.a4 Bh6 29.Nxc5 bxc5
30.Qc1 Kg7 31.Bxh6+ Nxh6 32.Qg5 Rff8 33.Nc3 Rfb8 34.Rab1 Rb4 35.f4 Nf7 36.Qh4 exf4
37.gxf4 Rab8 38.Rbe1 Rb2+ 39.Rf2 R8b3 40.e5 Rxf2+ 41.Kxf2 dxe5 42.Re3 Qf5
43.Ne4 Rb2+ 44.Kf1 Rb4  0-1

[Event "11th TCh-BIH Premier"]
[Site "Jahorina BIH"]
[Date "2012.06.05"]
[Round "4.1"]
[White "Bejtovic,J"]
[Black "Runic,Z"]
[Result "0-1"]
[WhiteElo "2391"]
[BlackElo "2382"]

1.c4 Nf6 2.Nf3 g6 3.g3 Bg7 4.Bg2 O-O 5.O-O d6 6.d4 Nc6 7.Nc3 e5 8.d5 Ne7
9.e4 Ne8 10.Ne1 f5 11.Nd3 Nf6 12.Bg5 c6 13.f4 Nxe4 14.Nxe4 fxe4 15.Bxe4 exf4
16.Nxf4 Qb6+ 17.Kh1 Nf5 18.Ne6 Bxe6 19.dxe6 Qxb2 20.Qd3 Rae8 21.Rab1 Qe5
22.Bxf5 Rxf5 23.Rfe1 Qa5 24.Qxd6 Rxg5 25.Qd7 Qd8 26.Qf7+ Kh8 27.Rxb7 Rg8
28.e7 Qe8 29.Qe6 Rf5 30.Rxa7 Rf6 31.Qe4 h6 32.Rd1 Qf7 33.Rd8 Re6 34.Qd3 Rxe7
35.Rdd7 Rxd7 36.Rxd7 Qf2 37.Re7 Bd4 38.Qd1 Rb8 39.Rd7 Rb1  0-1

[Event "15th Heraklion Open"]
[Site "Athens GRE"]
[Date "2012.06.09"]
[Round "1.5"]
[White "Panagos,T"]
[Black "Goumas,I"]
[Result "0-1"]
[WhiteElo "1766"]
[BlackElo "2202"]

1.Nf3 Nf6 2.c4 g6 3.g3 Bg7 4.Bg2 O-O 5.O-O d6 6.Nc3 a6 7.d3 c5 8.Rb1 Nc6
9.a3 a5 10.Bd2 Ne8 11.Qc1 Nc7 12.Bh6 e5 13.Bxg7 Kxg7 14.e4 Bg4 15.Ne1 Nd4
16.f3 Bd7 17.Nc2 b5 18.Nxd4 cxd4 19.Nxb5 Nxb5 20.cxb5 Bxb5 21.Qd2 Qb6 22.Rfc1 Rfc8
23.Bh3 Rc5 24.Kf2 Ra7 25.Ke2 Rac7 26.f4 Qa6 27.Rxc5 Rxc5 28.Rd1 Qc6 29.Qe1 Qxe4+
30.Kf2 Rc2+ 31.Rd2 Qxd3 32.Rxc2 Qxc2+ 33.Kg1 e4 34.Bg4 e3 35.b4 Qe4  0-1

[Event "TCh-NOR Clubs 2012"]
[Site "Fagernes NOR"]
[Date "2012.06.10"]
[Round "6"]
[White "Hansen,TR"]
[Black "Hauge,Lars Oskar"]
[Result "1-0"]
[WhiteElo "2469"]
[BlackElo "2071"]

1.Nf3 Nf6 2.g3 g6 3.Bg2 Bg7 4.c4 O-O 5.O-O d6 6.d4 Nc6 7.Nc3 a6 8.Re1 Rb8
9.Rb1 Bg4 10.h3 Bxf3 11.Bxf3 Nd7 12.e3 e5 13.d5 Na5 14.Be2 b6 15.b4 Nb7 16.e4 a5
17.a3 f5 18.Qd3 Qe7 19.Bd2 f4 20.Nb5 h5 21.g4 f3 22.Bxf3 Qh4 23.Nxc7 axb4
24.axb4 Qxh3 25.Be2 hxg4 26.Qxh3 gxh3 27.Bg4 h2+ 28.Kg2 Nf6 29.Be6+ Kh7 30.Rh1 Bh6
31.Rxh2 Nh5 32.Bxh6 Kxh6 33.Bg4 Rh8 34.Rbh1 Kg7 35.Ne6+ Kg8 36.Bxh5 Rxh5
37.Rxh5 gxh5 38.Rxh5 Nd8 39.Rg5+ Kh8 40.Rg6  1-0

[Event "TCh-NOR Clubs 2012"]
[Site "Fagernes NOR"]
[Date "2012.06.10"]
[Round "6"]
[White "Holm,Kristian Stuvik"]
[Black "Hansen,Pa"]
[Result "1-0"]
[WhiteElo "2292"]
[BlackElo "2095"]

1.Nf3 Nf6 2.c4 g6 3.g3 Bg7 4.Bg2 O-O 5.O-O d6 6.Nc3 Nc6 7.d3 e5 8.Rb1 a5
9.a3 h6 10.b4 axb4 11.axb4 Nh7 12.b5 Ne7 13.Bb2 f5 14.Qb3 Be6 15.Nd2 Rb8
16.Nd5 Nxd5 17.cxd5 Bc8 18.b6 cxb6 19.Nc4 Rf7 20.Ba3 Bf8 21.Qxb6  1-0

[Event "GEO-AZE Friendship 2012"]
[Site "Tbilisi GEO"]
[Date "2012.06.10"]
[Round "4"]
[White "Pantsulaia,L"]
[Black "Mamedov,Rau"]
[Result "1/2-1/2"]
[WhiteElo "2581"]
[BlackElo "2628"]

1.Nf3 Nf6 2.c4 g6 3.g3 Bg7 4.Bg2 O-O 5.O-O c6 6.Qc2 d5 7.b3 a5 8.Bb2 a4 9.b4 Re8
10.a3 Nbd7 11.cxd5 cxd5 12.d3 e5 13.Nc3 e4 14.dxe4 dxe4 15.Nd4 Nb6 16.Nxe4 Nxe4
17.Bxe4 Bh3 18.Rfd1 Rc8 19.Qb1 Qe7 20.Bg2 Bxg2 21.Kxg2 Nc4 22.Ra2 Nxb2 23.Rxb2 Red8
24.Rbd2 Bxd4 25.Rxd4 Rxd4 26.Rxd4 Qxe2  1/2-1/2

[Event "1st Grand Europe Open"]
[Site "Golden Sands BUL"]
[Date "2012.06.11"]
[Round "8.36"]
[White "Gabuzyan,H"]
[Black "Videnova,I"]
[Result "1-0"]
[WhiteElo "2457"]
[BlackElo "2313"]

1.c4 Nf6 2.Nf3 g6 3.g3 Bg7 4.Bg2 O-O 5.Nc3 d5 6.d4 dxc4 7.Ne5 Nfd7 8.Nxc4 Nb6
9.Nxb6 axb6 10.d5 e6 11.h4 exd5 12.Bg5 Bxc3+ 13.bxc3 Qd6 14.Bxd5 Be6 15.Bxb7 Qxd1+
16.Kxd1 Ra7 17.Bf3 Rxa2 18.Rxa2 Bxa2 19.Kc2 Bc4 20.Ra1 Re8 21.e3 Kg7 22.h5 f6
23.Bf4 Re7 24.h6+ Kf7 25.Ra8 Na6 26.Rh8 Ke6 27.e4 Kd7 28.Be3 Nc5 29.Bxc5 bxc5
30.Kd2 Kd6 31.Ke3 Be6 32.Bg2 f5 33.Rd8+ Bd7 34.f4 fxe4 35.Bh3 Kc6 36.Rxd7 Rxd7
37.Bxd7+ Kxd7 38.Kxe4 Ke6 39.c4 c6 40.g4 Kf6 41.Kd3 Ke6 42.Kc3 Kf6 43.Kb3 Ke6
44.Ka4 Kf6 45.Ka5 Ke7 46.Kb6 Kd6 47.Kb7 Kd7 48.Kb8 Kd8 49.g5  1-0

[Event "5th Mayors Cup 2012"]
[Site "Mumbai IND"]
[Date "2012.06.11"]
[Round "7.5"]
[White "Vishnu,P"]
[Black "Paragua,M"]
[Result "1/2-1/2"]
[WhiteElo "2431"]
[BlackElo "2521"]

1.Nf3 Nf6 2.c4 g6 3.g3 Bg7 4.Bg2 O-O 5.O-O c6 6.Nc3 d5 7.cxd5 cxd5 8.d4 Nc6
9.Ne5 Nd7 10.f4 Nb6 11.Be3 Be6 12.Bf2 Rc8 13.e3 Nxe5 14.fxe5 f6 15.exf6 exf6
16.e4 Qd7 17.Re1 dxe4 18.Nxe4 Bd5 19.Nc5 Qf7 20.Bxd5 Qxd5 21.Qb3 Rf7 22.Re6 Nc4
23.Rae1 b6 24.Nd3 g5 25.Re8+ Rf8 26.Nb4 Qf5 27.Nc2 Qd5 28.Nb4 Qf5 29.R8e7 Rf7
30.Rxf7 Kxf7 31.Nc2 Qd5 32.Nb4 Qd7 33.Qf3 g4 34.Qd3 a5 35.Nc2 a4 36.Qe2 Bh6
37.d5 Ne5 38.Rd1 Nf3+ 39.Kh1 Qf5 40.Nb4 Re8 41.Qd3 Qh5 42.Qxh7+ Kf8 43.Qh8+ Kf7
44.Qh7+ Kf8 45.Qh8+ Kf7  1/2-1/2

[Event "Kuna Arandu Elite"]
[Site "Luque PAR"]
[Date "2012.06.12"]
[Round "8"]
[White "Bachmann,Ax"]
[Black "Latorre,Mat"]
[Result "1/2-1/2"]
[WhiteElo "2566"]
[BlackElo "2235"]

1.Nf3 Nf6 2.c4 g6 3.g3 Bg7 4.Bg2 O-O 5.O-O c6 6.d4 d5 7.Qb3 Qb6 8.Nc3 Rd8
9.c5 Qxb3 10.axb3 Na6 11.Ra4 Nd7 12.Bg5  1/2-1/2

[Event "5th Mayors Cup 2012"]
[Site "Mumbai IND"]
[Date "2012.06.12"]
[Round "8.21"]
[White "Sanjay,N"]
[Black "Patil,Pr2"]
[Result "1-0"]
[WhiteElo "2343"]
[BlackElo "2205"]

1.Nf3 Nf6 2.c4 g6 3.g3 Bg7 4.Bg2 O-O 5.O-O d5 6.cxd5 Nxd5 7.Nc3 Nb6 8.d4 Nc6
9.e3 a5 10.b3 Nb4 11.Bb2 a4 12.Nxa4 Nxa4 13.bxa4 Nd5 14.Ne5 Nb6 15.d5 Qd6
16.f4 Rd8 17.Qb3 Rxa4 18.Rac1 Bd7 19.Nxf7 Kxf7 20.Be5 Qb4 21.Bxc7 Rda8 22.Bxb6 Qxb3
23.axb3 Rb4 24.Bc5 Rxb3 25.d6 e6 26.Rb1 Rxb1 27.Rxb1 Ra2 28.Bxb7 Rc2 29.Bb6 Rd2
30.Bc5 Rc2 31.Ba7 Rd2 32.Bb8 Bb2 33.Bf3 Ba3 34.Rd1 Rb2 35.Ba7 Bb4 36.e4 Ra2
37.Bf2 e5 38.fxe5 Ra3 39.Be2 Rc3 40.Be1 Bc5+ 41.Bf2 Ba3 42.Bd4 Rc2 43.Bd3 Rc8
44.Kf2 Ke6 45.Ke3 Bc1+ 46.Ke2 Bh6 47.Ra1 Bg7 48.Ra5 Rc1 49.Kd2 Rc8 50.Bb1 Bh6+
51.Be3  1-0

[Event "26th Pula Open"]
[Site "Pula CRO"]
[Date "2012.06.13"]
[Round "6.22"]
[White "Mihalinec,D"]
[Black "Ivic,Mat"]
[Result "1/2-1/2"]
[WhiteElo "2175"]
[BlackElo "2298"]

1.c4 Nf6 2.g3 g6 3.Bg2 Bg7 4.Nf3 O-O 5.O-O c5 6.Nc3 Nc6 7.a3 d5 8.cxd5 Nxd5
9.Qc2 Nb6 10.d3 Bf5 11.Be3 c4 12.Bxb6 Qxb6 13.Na4 cxd3 14.Nxb6 dxc2 15.Nxa8 Rxa8
16.Ne1 Bxb2 17.Nxc2 Bxa1 18.Nxa1 Rc8 19.Nb3 b6 20.Bxc6 Rxc6 21.Nd4 Rc4 22.Nxf5 gxf5
23.Rd1 Rc3 24.a4 Ra3 25.Rd4 e5 26.Rc4 Kg7 27.f4 e4 28.Kf2 Kf6 29.Rc6+ Kg7
30.Rc4 Kf8 31.Rc8+ Kg7 32.Rc4 h5 33.h4 Rb3 34.a5 Rb5 35.axb6 axb6 36.Rd4 Rb1
37.Rd5 Kg6 38.Rd8 f6 39.Rg8+ Kh7 40.Rf8 Kg7 41.Rb8 b5 42.Rb7+ Kg6 43.Kg2 b4
44.Kf2 b3 45.Kg2 e3 46.Kf3 b2 47.Kg2 Kh6 48.Kh2 Kg6  1/2-1/2

[Event "Teplice Open 2012"]
[Site "Teplice CZE"]
[Date "2012.06.19"]
[Round "4.60"]
[White "Safr,J2"]
[Black "Kaluzny,Jiri"]
[Result "0-1"]
[WhiteElo "1579"]
[BlackElo "1834"]

1.Nf3 Nf6 2.c4 g6 3.g3 Bg7 4.Bg2 O-O 5.d4 d5 6.b3 dxc4 7.bxc4 c5 8.e3 Nc6
9.Bb2 Qb6 10.Qc1 Bf5 11.O-O Nb4 12.Rd1 Nd3 13.Rxd3 Bxd3 14.Ne5 Bf5 15.Nd2 Rab8
16.dxc5 Qxc5 17.Bd4 Qa5 18.c5 Rfc8 19.Nb3 Qc7 20.Qb2 Nd7 21.Nxd7 Bxd4 22.exd4 Qxd7
23.a4 Bh3 24.Bf3 Qf5 25.Qe2 Rd8 26.Rd1 h5 27.Na5 Bg4 28.Rd3 Bxf3 29.Rxf3 Qd5
30.Rf4 Re8 31.Nc4 b6 32.cxb6 axb6 33.f3 Rbc8 34.Ne5 Rc1+ 35.Kg2 Rec8 36.Qa6 R8c2+
37.Kh3 Qe6+ 38.Kh4 Rxh2+ 39.Kg5 f6+ 40.Kh6 fxe5 41.dxe5 g5+ 42.Kxg5 Qxe5+
43.Kg6 Rc6+  0-1

[Event "Paleros Open"]
[Site "Paleros GRE"]
[Date "2012.06.23"]
[Round "9"]
[White "Zavoronkov,V"]
[Black "Mejvik,J"]
[Result "1-0"]
[WhiteElo "2371"]
[BlackElo "2039"]

1.Nf3 Nf6 2.g3 g6 3.Bg2 Bg7 4.c4 O-O 5.Nc3 d6 6.d3 Nc6 7.Rb1 d5 8.cxd5 Nxd5
9.Bd2 Nb6 10.O-O e5 11.Qc1 Re8 12.Bh6 Bh8 13.Bg5 Qd7 14.Ne4 Qe6 15.a3 f6
16.Bh6 Qf7 17.b4 Bg4 18.Re1 Nd4 19.Nxd4 exd4 20.e3 Rad8 21.exd4 Rxd4 22.Nc5 Rxe1+
23.Qxe1 Nd5 24.Nb3 Rxd3 25.Be4 Nf4 26.gxf4 Rd8 27.Nc5 b6 28.f3 Bh3 29.Rd1 Re8
30.Qg3 bxc5 31.Qxh3 f5 32.Bd5 Re1+ 33.Qf1  1-0